| 000 | 00000nam##2200000za#4500 |
| 001 | 9.579979 |
| 003 | CaOODSP |
| 005 | 20210624190823 |
| 007 | cr ||||||||||| |
| 008 | 150406|2004||||xxc|||||o f|0| 0 eng|d |
| 022 | |a1488-5387 |
| 040 | |aCaOODSP|beng |
| 043 | |an-cn--- |
| 086 | 1 |aFs97-4/2673E-PDF |
| 110 | 1 |aCanada. |bDepartment of Fisheries and Oceans. |
| 245 | 10|aBottom trawl survey of young-of-the-year lingcod (Ophiodon elongates) in the Strait of Georgia by the R/V Neocaligus, July 28 – August 9, 2003 / |h[electronic resource]|cby D.R. Haggarty, J.R. King, and K.L. Mathias. |
| 260 | |aNanaimo - British Columbia : |bFisheries and Oceans Canada |c2004. |
| 300 | |a46p.|bfigs., references, tables |
| 490 | 1 |aCanadian manuscript report of fisheries and aquatic sciences|x1488-5387|vNo. 2673 |
| 500 | |aOn t.p.: Pacific Biological Station, Nanaimo, British Columbia. The catalogue number and ISSN for the print edition appear in the PDF version. |
| 546 | |a(Résumés en français) |
| 590 | |a14-13-Supp|b2014-06-23 |
| 720 | 1 |aMathias, K. L. |
| 720 | 1 |aHaggarty, D. R. |
| 720 | 1 |aKing, J. R. |
| 776 | 0#|tBottom trawl survey of young-of-the-year lingcod (Ophiodon elongatus) in the Strait of Georgia By the R/V Neocaligus, July 28-August 9, 2003 / |w(CaOODSP)9.616896 |
| 830 | #0|aCanadian manuscript report of fisheries and aquatic sciences,|x1488-5387|vNo. 2673|w(CaOODSP)9.505211 |
| 856 | 40|ahttp://publications.gc.ca|qPDF|s3553 KB|uhttps://publications.gc.ca/collections/collection_2014/mpo-dfo/Fs97-4-2673-eng.pdf|yNo. 2673 |